[Event "Ch Paris (open)"]
[Site "masterchessopen.com - Paris (France)"]
[Date "2009.07.04"]
[Round "1"]
[White "Vernay Clovis (FRA)"]
[Black "Laurent Julien G (FRA)"]
[Result "1-0"]
[WhiteElo "2463"]
[BlackElo "2320"]

1.d4 Nf6 2.c4 e6 3.Nc3 c5 4.d5 exd5 5.cxd5 d6 6.e4 g6 7.f4 Bg7 8.Bb5+ Nfd7
9.a4 O-O 10.Nf3 Na6 11.O-O Nc7 12.Bc4 Rb8 13.Re1 Re8 14.e5 Nb6 15.Ba2 Bg4
16.a5 Nc8 17.Ne4 Nb5 18.e6 f5 19.Neg5 Qxa5 20.Bd2 Qb6 21.Qa4 Nc7 22.Bc4 Qxb2
23.Qd7 Bxf3 24.Qxg7+ {#r} 1-0

[Event "It (open)"]
[Site "masterchessopen.com - Creon (France)"]
[Date "2009.07.27"]
[Round "1"]
[White "Brunner Nicolas (FRA)"]
[Black "Colandrea Sauveur (FRA)"]
[Result "1-0"]
[WhiteElo "2421"]
[BlackElo "1901"]

1.d4 Nf6 2.c4 e6 3.Nc3 c5 4.d5 exd5 5.cxd5 g6 6.e4 d6 7.f4 Bg7 8.Bb5+ Nfd7
9.a4 O-O 10.Nf3 a6 11.Bd3 b6 12.O-O Qc7 13.Bc4 Qd8 14.Re1 Re8 15.h3 h5 16.Qb3
Nf8 17.e5 Ra7 18.Ne4 dxe5 19.fxe5 Bxe5 20.Bg5 Rae7 21.Nxe5 {#r} 1-0

[Event "It (open)"]
[Site "masterchessopen.com - Stare Mesto (Czech Republic)"]
[Date "2009.08.19"]
[Round "7"]
[White "Blaha Petr (CZE)"]
[Black "Cip Dalibor (CZE)"]
[Result "0-1"]
[WhiteElo "2096"]
[BlackElo "2203"]

1.d4 Nf6 2.c4 c5 3.d5 e6 4.Nc3 exd5 5.cxd5 d6 6.e4 g6 7.f4 Bg7 8.Bb5+ Nfd7
9.a4 Qh4+ 10.g3 Qe7 11.Nge2 O-O 12.O-O a6 13.Bd3 Nf6 14.Kg2 Nbd7 15.h3 c4
16.Bxc4 Nxe4 17.Bd3 Ndc5 18.Nxe4 Nxd3 19.Qxd3 Bf5 20.N2c3 Bxc3 21.Qxc3 Bxe4+
22.Kg1 Bxd5 23.Re1 Be4 24.Qd4 f5 25.Bd2 Qf6 26.Qb4 a5 27.Qc3 d5 28.Be3 Rac8
29.Qxf6 Rxf6 30.Rac1 Rfc6 {#R} 0-1

[Event "It (open)"]
[Site "masterchessopen.com - Collado Villalba (Spain)"]
[Date "2009.08.22"]
[Round "2"]
[White "Nieto De La Cruz Julio (ESP)"]
[Black "Rojas Keim Luis (CHI)"]
[Result "0-1"]
[WhiteElo "2132"]
[BlackElo "2357"]

1.d4 Nf6 2.c4 e6 3.Nc3 c5 4.d5 d6 5.e4 exd5 6.cxd5 g6 7.f4 Bg7 8.Bb5+ Nfd7
9.a4 O-O 10.Nf3 Na6 11.O-O Nc7 12.Bd3 a6 13.Nd2 Rb8 14.Nc4 Ne8 15.Re1 Qc7
16.e5 b5 17.axb5 axb5 18.Nxd6 Nxd6 19.exd6 Qxd6 20.Nxb5 Qxd5 21.Nc3 Qd6 22.Qc2
Nf6 23.Kh1 Ng4 24.Ne4 Qe7 25.h3 f5 26.g3 fxe4 27.Bxe4 Bb7 28.hxg4 Rfe8 29.Bd5+
Bxd5+ {#R} 0-1

[Event "It (open)"]
[Site "masterchessopen.com - Corsico (Italy)"]
[Date "2009.10.02"]
[Round "1"]
[White "Vinzoni Andrea (ITA)"]
[Black "Magrini Fabrizio (ITA)"]
[Result "1-0"]
[WhiteElo "2079"]
[BlackElo "2150"]

1.d4 Nf6 2.c4 c5 3.d5 e6 4.Nc3 exd5 5.cxd5 d6 6.e4 g6 7.f4 Bg7 8.Bb5+ Nfd7
9.a4 O-O 10.Nf3 Na6 11.O-O Nb4 12.f5 h6 13.Bf4 Qf6 14.Bg3 a6 15.Bxd7 Bxd7
16.fxg6 fxg6 17.e5 dxe5 18.Ne4 Qd8 19.Nxc5 Bg4 20.Qd2 a5 21.Bxe5 Rc8 22.Bxg7
Kxg7 23.Qd4+ Kh7 24.Qxg4 Rxc5 25.Ne5 Qb6 26.Qd7+ {#r} 1-0

[Event "Ch Provincial (final) (2 Etapa)"]
[Site "masterchessopen.com - Santa Clara (Cuba)"]
[Date "2009.11.13"]
[Round "10"]
[White "Alvarez Pedraza Aramis (CUB)"]
[Black "Ramos Luis Ernesto (CUB)"]
[Result "1-0"]
[WhiteElo "2460"]
[BlackElo "2078"]

1.d4 Nf6 2.c4 c5 3.d5 e6 4.Nc3 d6 5.e4 exd5 6.cxd5 g6 7.f4 Bg7 8.Bb5+ Nfd7
9.a4 O-O 10.Nf3 Na6 11.O-O Nb4 12.Re1 a6 13.Bf1 Re8 14.h3 Nf6 15.Bc4 Nd7
16.Be3 Rb8 17.Bf2 Qf6 18.Bh4 g5 19.Bxg5 Qg6 20.Nh4 Bd4+ 21.Kh1 Qg7 22.Nf5 {#r}
1-0

[Event "It (open)"]
[Site "masterchessopen.com - Litomysl (Czech Republic)"]
[Date "2009.12.26"]
[Round "1"]
[White "Bernasek Jan (CZE)"]
[Black "Macka Oto (SVK)"]
[Result "1-0"]
[WhiteElo "2470"]
[BlackElo "2035"]

1.d4 Nf6 2.c4 c5 3.d5 e6 4.Nc3 exd5 5.cxd5 d6 6.e4 g6 7.f4 Bg7 8.Bb5+ Nfd7
9.a4 O-O 10.Nf3 Na6 11.O-O Nb4 12.Re1 Re8 13.h3 a6 14.Bf1 Nf6 15.Bc4 Re7 16.e5
Ne8 17.Be3 Bf5 18.g4 Bc2 19.Qd2 Rc8 20.Rac1 dxe5 21.fxe5 Bxe5 22.Bg5 Bf6
23.Bxf6 Rxe1+ 24.Nxe1 Qxf6 25.Nxc2 {#r} 1-0

[Event "NRW-liga 2009/10"]
[Site "masterchessopen.com - Germany"]
[Date "2010.01.10"]
[Round "5"]
[White "Scholz Christian (GER)"]
[Black "Van Oosterom Chiel (NED)"]
[Result "1-0"]
[WhiteElo "2387"]
[BlackElo "2413"]

1.d4 Nf6 2.c4 c5 3.d5 e6 4.Nc3 exd5 5.cxd5 d6 6.e4 g6 7.f4 Bg7 8.Bb5+ Nfd7
9.a4 a6 10.Bd3 Qh4+ 11.g3 Qe7 12.Nf3 O-O 13.O-O Nf6 14.Re1 Bg4 15.Bf1 Nbd7
16.h3 Bxf3 17.Qxf3 Ne8 18.Be3 Nc7 19.Rad1 b5 20.e5 bxa4 21.Ne4 Ne8 22.e6 fxe6
23.dxe6 Nb6 24.Nxd6 Rd8 25.Bxc5 Rxd6 26.Rxd6 Nxd6 27.Bxb6 Bxb2 28.Bc5 Rd8
29.Qd5 Nf5 30.Qc4 Nd6 31.Qxa4 Qc7 32.Qb4 Nf5 33.e7 {#r} 1-0

[Event "It \"]
[Site "masterchessopen.com - New Delhi (India)"]
[Date "2010.01.19"]
[Round "8"]
[White "Murali Krishnan B T (IND)"]
[Black "Kryakvin Dmitry (RUS)"]
[Result "0-1"]
[WhiteElo "2363"]
[BlackElo "2591"]

1.d4 Nf6 2.c4 c5 3.d5 e6 4.Nc3 exd5 5.cxd5 d6 6.e4 g6 7.f4 Bg7 8.Bb5+ Nfd7
9.a4 O-O 10.Nf3 Na6 11.O-O Nb4 12.h3 a6 13.Bc4 Re8 14.Re1 Rb8 15.Be3 b5
16.axb5 axb5 17.Bf1 c4 18.Nd4 Nc5 19.Ncxb5 Rxe4 20.Bxc4 Ba6 21.Bf1 Qb6 22.Nc3
Rxe3 23.Rxe3 Ncd3 24.Rxa6 Qxd4 25.Qd2 Re8 26.Nd1 Nxa6 27.Bxd3 Nc5 {#R} 0-1

[Event "It (open) \"]
[Site "masterchessopen.com - Caleta (England)"]
[Date "2010.02.03"]
[Round "9"]
[White "Valhondo Morales Ruben (ESP)"]
[Black "Perez Reisler Jose (PUR)"]
[Result "1-0"]
[WhiteElo "1919"]
[BlackElo "1900"]

1.d4 Nf6 2.c4 e6 3.Nc3 c5 4.d5 d6 5.e4 g6 6.f4 exd5 7.cxd5 Bg7 8.Bb5+ Nfd7
9.a4 O-O 10.Nf3 a6 11.Be2 Re8 12.O-O Nf6 13.e5 dxe5 14.fxe5 Ng4 15.e6 fxe6
16.Ng5 Bd4+ 17.Kh1 Ne5 18.Nce4 Kg7 19.Nf6 exd5 20.Qd2 Ng4 21.Nxg4 Bxg4 22.Bxg4
Be3 23.Qc3+ d4 24.Qxc5 Nd7 25.Rf7+ Kg8 26.Rxd7 {#r} 1-0

[Event "Ch Romania"]
[Site "masterchessopen.com - Baile Olanesti (Romania)"]
[Date "2010.02.04"]
[Round "6"]
[White "Ungureanu Vlad (ROM)"]
[Black "Chirila Ioan Cristian (ROM)"]
[Result "1-0"]
[WhiteElo "2370"]
[BlackElo "2504"]

1.d4 Nf6 2.c4 c5 3.d5 e6 4.Nc3 exd5 5.cxd5 d6 6.e4 g6 7.f4 Bg7 8.Bb5+ Nfd7
9.a4 O-O 10.Nf3 a6 11.Be2 Re8 12.O-O Nf8 13.e5 dxe5 14.fxe5 Nbd7 15.Bg5 Qb6
16.a5 Qxb2 17.Na4 Qb4 18.Rb1 Qxa5 19.e6 fxe6 20.dxe6 Nxe6 21.Bc4 Qc7 22.Re1
Nf8 23.Nb6 Rb8 24.Bh4 Bh6 25.Nd5 Qf7 26.Ne5 {#r} 1-0

[Event "Ch USA (amateur) (team) East"]
[Site "masterchessopen.com - Parsippany (USA)"]
[Date "2010.02.13"]
[Round "2"]
[White "Ippolito Dean (USA)"]
[Black "Greenberg Roy (USA)"]
[Result "1-0"]
[WhiteElo "2469"]
[BlackElo "2226"]

1.d4 Nf6 2.c4 c5 3.d5 e6 4.Nc3 exd5 5.cxd5 d6 6.e4 g6 7.f4 Bg7 8.Bb5+ Nfd7
9.a4 O-O 10.Nf3 a6 11.Be2 Re8 12.O-O Nf8 13.h3 Nbd7 14.Kh1 b6 15.Nd2 Ra7
16.Nc4 Qc7 17.Bd3 Rb7 18.Bd2 Rb8 19.Qf3 b5 20.axb5 axb5 21.Nxb5 Rxb5 22.Nxd6
Qxd6 23.Bxb5 Qb6 24.Qe2 Bb7 25.Ba5 Qd6 26.Rad1 Rc8 27.e5 Qe7 28.Bc4 Ra8 29.Bc7
Kh8 30.Bd6 Qe8 31.Rfe1 h5 32.e6 {#r} 1-0

[Event "It \"]
[Site "masterchessopen.com - Uxbridge (England)"]
[Date "2010.02.15"]
[Round "4"]
[White "Healeas Simon (ENG)"]
[Black "Ociepka Adrian (POL)"]
[Result "0-1"]
[WhiteElo "1806"]
[BlackElo "2157"]

1.d4 Nf6 2.c4 c5 3.d5 e6 4.Nc3 exd5 5.cxd5 d6 6.e4 g6 7.f4 Bg7 8.Bb5+ Nfd7
9.a4 O-O 10.Nf3 a6 11.Be2 Re8 12.O-O Nf6 13.e5 dxe5 14.fxe5 Ng4 15.Bg5 f6
16.exf6 Bxf6 17.Bxf6 Qxf6 18.Qd2 Bf5 19.Bd3 Bxd3 20.Qxd3 Nd7 21.d6 Re3 22.Qd5+
Qe6 23.h3 Ngf6 24.Qxb7 Rb8 25.Qxa6 Rxb2 26.Rac1 Kg7 27.a5 Rb3 28.Nb5 Re2
29.Kh2 Rbb2 30.Rg1 Qe4 31.Ne1 Qf4+ 32.Kh1 Ng4 {#R} 0-1

[Event "Verbandsklasse B Muensterland 2009/10"]
[Site "masterchessopen.com - Germany"]
[Date "2010.02.20"]
[Round "7"]
[White "Virnyi Julius (GER)"]
[Black "Hanewinkel Martin"]
[Result "0-1"]
[WhiteElo "2072"]
[BlackElo "1847"]

1.d4 Nf6 2.c4 c5 3.d5 e6 4.Nc3 exd5 5.cxd5 d6 6.e4 g6 7.f4 Bg7 8.Bb5+ Nfd7
9.a4 a6 10.Bd3 O-O 11.Nf3 Re8 12.O-O Nf6 13.Qe1 Nbd7 14.Qh4 Qc7 15.f5 c4
16.Bc2 gxf5 17.Bh6 Bxh6 18.Qxh6 Qb6+ 19.Kh1 Qxb2 20.Nd4 Qxc3 21.Nxf5 Nxe4
22.Bxe4 Rxe4 23.Ra3 Re1 24.Ne7+ Kh8 25.Qf4 Rxf1+ 26.Qxf1 Qxa3 27.h3 Qc3
28.Qxf7 Qg7 {#R} 0-1

[Event "Ch Slovakia (juniors) (under 16)"]
[Site "masterchessopen.com - Ruzomberok (Slovakia)"]
[Date "2010.02.26"]
[Round "9"]
[White "Kovac Andrej (SVK)"]
[Black "Voros Gellert"]
[Result "1-0"]
[WhiteElo "2132"]
[BlackElo "1788"]

1.d4 Nf6 2.c4 c5 3.d5 e6 4.Nc3 exd5 5.cxd5 d6 6.e4 g6 7.f4 Bg7 8.Bb5+ Nfd7
9.a4 Na6 10.Nf3 O-O 11.O-O Nb4 12.Be3 a6 13.Bc4 f5 14.Ng5 Nb6 15.Bb3 h6 16.Ne6
Bxe6 17.dxe6 Kh7 18.e5 c4 19.exd6 Bxc3 20.e7 Qe8 21.Bxb6 Qc6 22.exf8=Q Qxb6+
23.Kh1 Rxf8 24.bxc3 Nd3 25.Bxc4 Nf2+ 26.Rxf2 Qxf2 27.Qe1 {#r} 1-0

[Event "Ch Poland (team) (juniors) (2 liga)"]
[Site "masterchessopen.com - Chelm (Poland)"]
[Date "2010.07.12"]
[Round "9"]
[White "Leczycki Pawel (POL)"]
[Black "Swiech Przemyslaw (POL)"]
[Result "0-1"]
[WhiteElo "2035"]
[BlackElo "1448"]

1.d4 Nf6 2.c4 c5 3.d5 e6 4.Nc3 exd5 5.cxd5 d6 6.e4 g6 7.f4 Bg7 8.Bb5+ Nfd7
9.a4 O-O 10.Nf3 Na6 11.O-O Nc7 12.Bd3 a6 13.f5 Rb8 14.Bf4 Qe7 15.Qe1 Ne5
16.Nxe5 Bxe5 17.Bxe5 Qxe5 18.f6 Qd4+ 19.Kh1 Qxd3 20.Rf4 Qd4 21.Qh4 Qe5 22.Raf1
Ne8 23.Nd1 g5 24.Qg3 Kh8 25.R4f3 Qxg3 26.Rxg3 Rg8 27.Ne3 b5 28.a5 Rg6 29.Nf5
Rxf6 30.Rxg5 Bxf5 {#R} 0-1

[Event "It (open) \"]
[Site "masterchessopen.com - Agios Kirykos (Greece)"]
[Date "2010.07.21"]
[Round "9"]
[White "Parginos Vassilios (GRE)"]
[Black "Masouros Panagiotis (GRE)"]
[Result "1-0"]
[WhiteElo "2199"]
[BlackElo "1943"]

1.d4 Nf6 2.c4 c5 3.d5 e6 4.Nc3 exd5 5.cxd5 d6 6.e4 g6 7.f4 Bg7 8.Bb5+ Nfd7
9.a4 O-O 10.Nf3 Nf6 11.h3 a6 12.Bd3 Re8 13.O-O c4 14.Bc2 Nbd7 15.Be3 Qc7
16.Bd4 Nc5 17.Re1 Bd7 18.g4 h5 19.e5 dxe5 20.fxe5 hxg4 21.d6 Qc6 22.exf6 gxf3
23.fxg7 Bxh3 24.Bf2 Rxe1+ 25.Qxe1 Re8 26.Qd2 Qd7 27.Qf4 Ne6 28.Qh4 Nxg7 29.Nd5
Re6 30.Ne7+ Rxe7 31.dxe7 {#r} 1-0

[Event "Ch Czech Republic (active) (open)"]
[Site "masterchessopen.com - Pardubice (Czech Republic)"]
[Date "2010.07.22"]
[Round "9"]
[White "Akesson Ralf (SWE)"]
[Black "Gabrielian Artur (RUS)"]
[Result "1-0"]
[WhiteElo "2440"]
[BlackElo "2547"]

1.d4 Nf6 2.c4 c5 3.d5 e6 4.Nc3 exd5 5.cxd5 d6 6.e4 g6 7.f4 Bg7 8.Bb5+ Nfd7
9.a4 O-O 10.Nf3 Na6 11.O-O Nb4 12.Re1 a6 13.Bf1 Re8 14.h3 Nf6 15.Bd2 b6 16.Qb3
Ra7 17.Bc4 Rae7 18.e5 Nd7 19.Ne4 b5 20.axb5 axb5 21.Bxb5 dxe5 22.d6 Re6
23.Nfg5 exf4 24.Nxe6 Rxe6 25.Bc4 Ne5 26.Nxc5 Qxd6 27.Nxe6 fxe6 28.Rxe5 Qxd2
29.Bxe6+ Kh8 30.Rd1 Bf8 {#r} 1-0

[Event "It (open) (a)"]
[Site "masterchessopen.com - Senigallia (Italy)"]
[Date "2010.07.27"]
[Round "3"]
[White "Riboldi Raffaele (ITA)"]
[Black "Rotoni Matteo (ITA)"]
[Result "0-1"]
[WhiteElo "1923"]
[BlackElo "2132"]

1.d4 Nf6 2.c4 e6 3.Nc3 c5 4.d5 exd5 5.cxd5 d6 6.e4 g6 7.f4 Bg7 8.Bb5+ Nfd7
9.a4 O-O 10.Nf3 Nf6 11.O-O a6 12.Bc4 Nbd7 13.e5 dxe5 14.fxe5 Ng4 15.e6 Nde5
16.Nxe5 Nxe5 17.exf7+ Kh8 18.Bb3 Bf5 19.Bf4 c4 20.Bxe5 Bxe5 21.Bc2 Qb6+ 22.Kh1
Qxb2 23.Bxf5 gxf5 24.Rxf5 Bxc3 25.Rb1 Qd2 26.Qg4 b5 27.Rd1 Qh6 28.d6 Qe6
29.Qf3 b4 30.d7 Rad8 31.Qd5 Qxd5 32.Rdxd5 Kg7 33.Rc5 Rxd7 {#R} 0-1

[Event "Ch Netherlands (open) (juniors) (under 16)"]
[Site "masterchessopen.com - Enschede (Netherlands)"]
[Date "2010.08.12"]
[Round "6"]
[White "Van Veelen Thomas"]
[Black "Wiegers Kasper"]
[Result "1-0"]
[WhiteElo "1790"]
[BlackElo "1700"]

1.d4 Nf6 2.c4 c5 3.d5 e6 4.Nc3 exd5 5.cxd5 d6 6.e4 g6 7.f4 Bg7 8.Bb5+ Nfd7
9.a4 O-O 10.Nf3 Re8 11.O-O Bxc3 12.bxc3 Rxe4 13.Ng5 Re7 14.f5 Qf8 15.fxg6 hxg6
16.Ne6 Rxe6 17.dxe6 Ne5 18.exf7+ Nxf7 19.Bc4 Bf5 20.g4 Qg7 21.Bxf7+ Kxf7
22.Qd5+ {#r} 1-0

[Event "It (open)"]
[Site "masterchessopen.com - Collado Villalba (Spain)"]
[Date "2010.08.27"]
[Round "8"]
[White "Cao Jesus (ESP)"]
[Black "Lobato Alvaro (ESP)"]
[Result "1-0"]
[WhiteElo "2191"]
[BlackElo "2029"]

1.d4 Nf6 2.c4 c5 3.d5 e6 4.Nc3 exd5 5.cxd5 d6 6.e4 g6 7.f4 Bg7 8.Bb5+ Nfd7
9.a4 O-O 10.Nf3 Na6 11.O-O Nc7 12.Bd3 Re8 13.Nd2 Nf6 14.h3 b6 15.Qf3 Bb7
16.Nc4 Rf8 17.Bd2 Ba6 18.Rae1 Bxc4 19.Bxc4 Nd7 20.Bb5 a6 21.Bxd7 Qxd7 22.e5
Rae8 23.exd6 Qxd6 24.f5 Rxe1 25.Rxe1 Bd4+ 26.Kh1 Qf6 27.Qg3 Ne8 28.Bh6 Bxc3
29.Qxc3 Qxc3 30.bxc3 {#r} 1-0

[Event "It (open)"]
[Site "masterchessopen.com - Graz (Austria)"]
[Date "2010.09.03"]
[Round "7"]
[White "Schriebl Alexander (AUT)"]
[Black "Boehmer Ernst Di (AUT)"]
[Result "1-0"]
[WhiteElo "2072"]
[BlackElo "2128"]

1.d4 Nf6 2.c4 c5 3.d5 d6 4.Nc3 e6 5.e4 exd5 6.cxd5 g6 7.f4 Bg7 8.Bb5+ Nfd7
9.a4 O-O 10.Nf3 Na6 11.O-O Nb4 12.Kh1 Nf6 13.Bd3 Bg4 14.Bb1 Nh5 15.Qe1 Qd7
16.Nd2 Rae8 17.Nc4 a6 18.Ne3 Bd4 19.Qh4 Bxe3 20.Bxe3 f5 21.h3 Be2 22.Nxe2 Nxd5
23.Ba2 {#r} 1-0

[Event "Ch Europe (juniors) (under 18)"]
[Site "masterchessopen.com - Batumi (Georgia)"]
[Date "2010.09.20"]
[Round "1"]
[White "Popilski Gil (ISR)"]
[Black "Demac Elias (NOR)"]
[Result "1-0"]
[WhiteElo "2454"]
[BlackElo "2226"]

1.d4 Nf6 2.c4 c5 3.d5 e6 4.Nc3 exd5 5.cxd5 d6 6.e4 g6 7.f4 Bg7 8.Bb5+ Nfd7
9.a4 O-O 10.Nf3 Na6 11.O-O Nb4 12.Re1 a6 13.Bf1 Re8 14.h3 b6 15.Bc4 Bb7 16.Bd2
Nf6 17.Qb3 Qd7 18.Rad1 Re7 19.e5 Ne8 20.Bc1 Rd8 21.Ng5 dxe5 22.d6 Nxd6 23.Nxf7
Rxf7 24.fxe5 Qe7 25.exd6 Bd4+ 26.Kh1 Qh4 27.Bxf7+ Kh8 28.Nd5 Rxd6 29.Nxb4 cxb4
30.Re8+ Kg7 31.Rf1 g5 32.Rg8+ Kh6 33.Bxg5+ {#r} 1-0

[Event "Ch World (juniors) (under 18)"]
[Site "masterchessopen.com - Porto Carras (Greece)"]
[Date "2010.10.26"]
[Round "7"]
[White "Mazur Stefan (SVK)"]
[Black "Yilmaz Mustafa (TUR)"]
[Result "1-0"]
[WhiteElo "2402"]
[BlackElo "2482"]

1.d4 Nf6 2.c4 e6 3.Nc3 c5 4.d5 exd5 5.cxd5 d6 6.e4 g6 7.f4 Bg7 8.Bb5+ Nfd7
9.a4 Na6 10.Nf3 O-O 11.O-O Nb4 12.Be3 a6 13.Be2 Nf6 14.Nd2 Re8 15.Bf2 Rb8
16.Bh4 Qc7 17.Kh1 Bd7 18.Bf3 Nd3 19.Nc4 Nxf4 20.Qd2 N4h5 21.e5 Rxe5 22.Nxe5
dxe5 23.d6 Qa5 24.Qf2 Be6 25.Rad1 Nf4 26.Bxf6 Bxf6 27.Ne4 Bd8 28.Qxc5 Qxc5
29.Nxc5 Bb6 30.b4 Bxc5 31.bxc5 Bd7 32.Rb1 Ne6 33.c6 {#r} 1-0

[Event "Tournament (Elo) \"]
[Site "masterchessopen.com - Warsaw (Poland)"]
[Date "2011.03.10"]
[Round "10"]
[White "Michniewski Tomasz (POL)"]
[Black "Jozwik Jacek (POL)"]
[Result "1-0"]
[WhiteElo "2173"]
[BlackElo "1998"]

1.d4 Nf6 2.c4 c5 3.d5 e6 4.Nc3 exd5 5.cxd5 d6 6.e4 g6 7.f4 Bg7 8.Bb5+ Nfd7
9.a4 O-O 10.Nf3 Re8 11.O-O Bxc3 12.bxc3 Rxe4 13.Bd3 Re8 14.c4 Nf6 15.f5 Kg7
16.Qd2 Ng4 17.h3 Ne3 18.Bb2+ f6 19.fxg6 hxg6 20.Nh4 Bf5 21.Bxf5 gxf5 22.Nxf5+
Nxf5 23.Qg5+ Kf7 24.Bxf6 Qxf6 25.Rxf5 {#r} 1-0

[Event "Ch Ukraine (1/2 final)"]
[Site "masterchessopen.com - Alushta (Ukraine)"]
[Date "2011.05.11"]
[Round "9"]
[White "Sychevskyy Andriy (UKR)"]
[Black "Basko Bogdan (UKR)"]
[Result "0-1"]
[WhiteElo "1966"]
[BlackElo "1993"]

1.d4 Nf6 2.c4 c5 3.d5 e6 4.Nc3 exd5 5.cxd5 d6 6.e4 g6 7.f4 Bg7 8.Bb5+ Nfd7
9.a4 O-O 10.Nf3 Na6 11.O-O Nc7 12.Bd3 Re8 13.a5 Rb8 14.Nd2 b5 15.axb6 axb6
16.Nc4 Nf8 17.e5 dxe5 18.d6 Nce6 19.Nxe5 Nd4 20.Bc4 Be6 21.Bxe6 Rxe6 22.Ra7 f6
23.Nf7 Qe8 24.d7 Nxd7 25.f5 Rc6 26.fxg6 hxg6 27.Nh6+ Kh7 28.Ng4 f5 29.Ne3 Re6
30.Ned5 Qd8 31.Rf3 Nxf3+ {#R} 0-1

[Event "Ch Germany (juniors) (under 16)"]
[Site "masterchessopen.com - Oberhof (Germany)"]
[Date "2011.06.14"]
[Round "4"]
[White "Carow Johannes (GER)"]
[Black "Noe Christopher (GER)"]
[Result "0-1"]
[WhiteElo "2172"]
[BlackElo "2067"]

1.d4 Nf6 2.c4 c5 3.d5 e6 4.Nc3 exd5 5.cxd5 d6 6.e4 g6 7.f4 Bg7 8.Bb5+ Nfd7
9.a4 O-O 10.Nf3 a6 11.Bc4 Re8 12.O-O Nb6 13.Ba2 Bg4 14.h3 Bxf3 15.Qxf3 N8d7
16.Bd2 Qe7 17.Rae1 Bxc3 18.bxc3 Nxa4 19.e5 dxe5 20.Re4 c4 21.f5 b5 22.f6 Qf8
23.Rh4 e4 24.Rxe4 Rxe4 25.Qxe4 Re8 26.Qh4 Re2 27.Qg4 Qe8 28.Qg5 Qe5 29.Qg4
Nxf6 30.Qc8+ Kg7 31.Bh6+ Kxh6 32.Qf8+ Kg5 33.Qxf7 Re1 {#R} 0-1

[Event "It (open)"]
[Site "masterchessopen.com - Bogota (Colombia)"]
[Date "2011.06.19"]
[Round "6"]
[White "Tapia Daniel (COL)"]
[Black "Gutierrez Jose A (COL)"]
[Result "1-0"]
[WhiteElo "2280"]
[BlackElo "2211"]

1.d4 Nf6 2.c4 c5 3.d5 e6 4.Nc3 exd5 5.cxd5 d6 6.e4 g6 7.f4 Bg7 8.Bb5+ Nfd7
9.a4 O-O 10.Nf3 Na6 11.O-O Nb4 12.Be3 a6 13.Bc4 b6 14.Bf2 Bb7 15.Bh4 Bf6
16.Bg3 Qc7 17.Qd2 Rae8 18.Rae1 Qb8 19.e5 dxe5 20.fxe5 Nxe5 21.Nxe5 Bxe5
22.Rxe5 Rxe5 23.d6 Rh5 24.d7 Qd8 25.Rxf7 Rxf7 26.Bc7 Qxc7 27.d8=Q+ Kg7 28.Qxc7
Rxc7 29.Qd6 {#r} 1-0

[Event "Ch Colombia (1/2 final)"]
[Site "masterchessopen.com - Santa Rosa de Cabal (Colombia)"]
[Date "2011.06.23"]
[Round "3"]
[White "Rios Cristian Camilo (COL)"]
[Black "Gutierrez Jose A (COL)"]
[Result "0-1"]
[WhiteElo "2349"]
[BlackElo "2211"]

1.d4 Nf6 2.c4 c5 3.d5 e6 4.Nc3 exd5 5.cxd5 d6 6.e4 g6 7.f4 Bg7 8.Bb5+ Nfd7
9.a4 Qh4+ 10.g3 Qe7 11.Nf3 O-O 12.O-O Na6 13.Re1 Nb4 14.Bc4 Nb6 15.Be2 Bg4
16.a5 Nd7 17.e5 dxe5 18.d6 Qd8 19.Nxe5 Bf5 20.Bc4 Nxe5 21.fxe5 Nc2 22.Nd5 Re8
23.Ne3 Nxe1 24.Nxf5 gxf5 25.Bf4 Bxe5 26.d7 Bd4+ {#R} 0-1

[Event "Ch Spain (autonomicas) (team) (cadets)"]
[Site "masterchessopen.com - Pamplona (Spain)"]
[Date "2011.06.30"]
[Round "6"]
[White "Anton Guijarro David (ESP)"]
[Black "Ladron De Guevara Pinto Paolo (ESP)"]
[Result "1-0"]
[WhiteElo "2462"]
[BlackElo "2292"]

1.d4 Nf6 2.c4 c5 3.d5 e6 4.Nc3 exd5 5.cxd5 d6 6.e4 g6 7.f4 Bg7 8.Bb5+ Nfd7
9.a4 Na6 10.Nf3 O-O 11.O-O Nb4 12.Re1 a6 13.Bf1 Re8 14.h3 b6 15.Be3 Ra7 16.Bf2
Nf8 17.Bh4 Bf6 18.Bxf6 Qxf6 19.Qd2 Qd8 20.Rad1 f5 21.e5 Rg7 22.Bc4 h6 23.exd6
g5 24.Re7 Ng6 25.Rxe8+ Qxe8 26.fxg5 hxg5 27.Re1 Qd8 28.Qxg5 Qxd6 29.Re8+ Nf8
30.Qd8 {#r} 1-0

[Event "Ch Sweden (master's group)"]
[Site "masterchessopen.com - Vasteras (Sweden)"]
[Date "2011.07.22"]
[Round "7"]
[White "Cramling Dan (SWE)"]
[Black "Hedman Erik (SWE)"]
[Result "0-1"]
[WhiteElo "2392"]
[BlackElo "2392"]

1.d4 Nf6 2.c4 c5 3.d5 e6 4.Nc3 exd5 5.cxd5 g6 6.e4 d6 7.f4 Bg7 8.Bb5+ Nfd7
9.a4 O-O 10.Nf3 Na6 11.O-O Nb4 12.h3 a6 13.Be2 Re8 14.Re1 h6 15.Bf1 f5 16.exf5
Rxe1 17.Qxe1 Nc2 18.Qe6+ Kh8 19.Rb1 Ne5 20.fxe5 Bxe6 21.fxe6 Nd4 22.Ne4 dxe5
23.Nxd4 Qxd5 {#R} 0-1

[Event "Ch World (juniors) (under 20) (g)"]
[Site "masterchessopen.com - Chennai (India)"]
[Date "2011.08.12"]
[Round "10"]
[White "Sathya Priya S V (IND)"]
[Black "Shristi J Shetty (IND)"]
[Result "1-0"]
[WhiteElo "1852"]
[BlackElo "1901"]

1.d4 Nf6 2.c4 c5 3.d5 e6 4.Nc3 exd5 5.cxd5 d6 6.e4 g6 7.f4 Bg7 8.Bb5+ Nfd7
9.a4 O-O 10.Nf3 Re8 11.O-O a6 12.Be2 Nf6 13.e5 dxe5 14.fxe5 Ng4 15.Bg5 Qb6
16.d6 Be6 17.Nd5 Bxd5 18.Qxd5 Nd7 19.Bc4 Ngxe5 20.Nxe5 Nxe5 21.Rxf7 Nxf7
22.Qxf7+ Kh8 23.Bf6 Rg8 24.Re1 Qd8 25.Bxd8 Raxd8 26.d7 Rgf8 27.Re8 {#r} 1-0

[Event "It (open)"]
[Site "masterchessopen.com - Nikea (Greece)"]
[Date "2011.08.27"]
[Round "2"]
[White "Tepelenis Nikolaos (GRE)"]
[Black "Sidiropoulos Nikolaos (GRE)"]
[Result "1-0"]
[WhiteElo "2156"]
[BlackElo "2043"]

1.d4 Nf6 2.c4 e6 3.Nc3 c5 4.d5 exd5 5.cxd5 d6 6.e4 g6 7.f4 Bg7 8.Bb5+ Nfd7
9.a4 Qh4+ 10.g3 Qe7 11.Nf3 Bxc3+ 12.bxc3 Qxe4+ 13.Kf2 O-O 14.Re1 Qf5 15.Bf1
Nf6 16.c4 Ne4+ 17.Kg1 Qf6 18.Rb1 Qe7 19.Bd3 f5 20.Ng5 Re8 21.Qc2 Nd7 22.Bxe4
Nf6 23.Bb2 fxe4 24.Qc3 Rf8 25.Nxe4 Nxe4 26.Rxe4 {#r} 1-0

[Event "It \"]
[Site "masterchessopen.com - Sofia (Bulgaria)"]
[Date "2011.09.03"]
[Round "3"]
[White "Kalchev Sava (BUL)"]
[Black "Kolev Nikolay (BUL)"]
[Result "1-0"]
[WhiteElo "1682"]
[BlackElo "2073"]

1.d4 Nf6 2.c4 e6 3.Nc3 c5 4.d5 exd5 5.cxd5 d6 6.e4 g6 7.f4 Bg7 8.Bb5+ Nfd7
9.a4 O-O 10.Nf3 Na6 11.O-O Nb4 12.Re1 a6 13.Bc4 Nb6 14.Bf1 Bg4 15.Be2 Re8
16.h3 Bxf3 17.Bxf3 Qh4 18.a5 Nc2 19.Bd2 Bd4+ 20.Kh1 Nxa1 21.axb6 Bf2 22.Rf1
Bg3 23.Ne2 f5 24.Nxg3 Qxg3 25.exf5 gxf5 26.Qxa1 Re7 27.b4 Rc8 28.bxc5 Rxc5
29.Qf6 Rg7 30.Re1 {#r} 1-0